| 000 | 00413nam a22001697a 4500 | ||
|---|---|---|---|
| 005 | 20180530111511.0 | ||
| 008 | 160521b xxu||||| |||| 00| 0 eng d | ||
| 020 | _a81-272-1738-7 | ||
| 041 | _aeng | ||
| 082 |
_b3979 _a519.5 |
||
| 100 |
_aAggarwal SL, Bharadvaj SL & Kumar Inder _94320 |
||
| 245 | _aBusiness Statistics | ||
| 260 | _bKalyani Pub. | ||
| 300 | _a16.51 | ||
| 650 |
_aManagement _9241 |
||
| 942 | _cBK | ||
| 999 |
_c1354 _d1354 |
||